000 00319nam a22001337a 4500
999 _c9178
_d9178
003 OSt
008 201119b ||||| |||| 00| 0 eng d
100 _aMalhotra, R.K.
245 _a1001 Business Letters
260 _aNew Delhi
_bChaudhary Pub.
_c2018
300 _a212p.
650 _aB.A Hons. English
942 _2ddc
_cBK